সাহিত্য- সন্দর্শন / (Record no. 2268)
[ view plain ]
| 000 -LEADER | |
|---|---|
| fixed length control field | 00655nam a2200217 a 4500 |
| 001 - CONTROL NUMBER | |
| JCCL Control Number | 2268 |
| 003 - CONTROL NUMBER IDENTIFIER | |
| JCCL marc code | BD-JhCC |
| 005 - DATE AND TIME OF LATEST TRANSACTION | |
| control field | 20171031173416.0 |
| 008 - FIXED-LENGTH DATA ELEMENTS--GENERAL INFORMATION | |
| fixed length control field | 171031s1995 bg ||||| ||a| 00| 0 en d |
| 035 ## - SYSTEM CONTROL NUMBER | |
| system control number | (BD-JhCC)2268 |
| 040 ## - CATALOGING SOURCE | |
| Original cataloging agency | BD-JhCC |
| Modifying agency | BD-JhCC |
| 041 ## - LANGUAGE CODE | |
| Language code of Book | ben |
| 082 ## - DEWEY DECIMAL CLASSIFICATION NUMBER | |
| Classification number | 891.4409 |
| Author mark and Year | DAS 1964 |
| 100 ## - MAIN ENTRY--PERSONAL NAME | |
| Personal name | দাশ, শ্রীশচন্দ্র |
| 245 ## - TITLE STATEMENT | |
| Title | সাহিত্য- সন্দর্শন / |
| Statement of responsibility, etc | শ্রীশচন্দ্র দাশ, |
| 260 ## - PUBLICATION, DISTRIBUTION, ETC. (IMPRINT) | |
| Place of publication, distribution, etc | ঢাকা : |
| Name of publisher, distributor, etc | বর্ণ বিচিত্রা, |
| Date of publication, distribution, etc | 1995 |
| 300 ## - PHYSICAL DESCRIPTION | |
| Pagination | 206 p. : |
| Dimensions | 20 cm. |
| 650 ## - SUBJECT ADDED ENTRY--TOPICAL TERM | |
| Topical term or geographic name as entry element | Bengali literature |
| 942 ## - ADDED ENTRY ELEMENTS (KOHA) | |
| Source of classification or shelving scheme | Dewey Decimal Classification |
| Koha item type | Books |
| Source of classification or shelving scheme | Damaged status | Not for loan | Home library | Current library | Shelving location | Date of accession | Cost, normal purchase price | Total Checkouts | Full call number | Barcode | Date last seen | Date checked out | Copy number | Koha item type |
|---|---|---|---|---|---|---|---|---|---|---|---|---|---|---|
| Dewey Decimal Classification | JCC Rouf Library | JCC Rouf Library | General Stacks | 10/31/2017 | 100.00 | 1 | 891.4409 DAS 1964 | 3549 | 09/02/2025 | 07/23/2025 | C-1 | Books |